000 00593nam a2200241 a 4500
001 nice12345678
003 IN_TiNIC
005 20260116011317.0
008 050524s1969 mada grp 000 0 eng
020 _a
_c2
082 0 0 _a294.5924
_bMAT
100 _aMatthew, V Anjilvel
245 _aMessage of the Gita
260 _aMadras
_bChristian Literature Society
_c1969
300 _a88p
500 _aincludes index and biblioraphy
505 2 _abibliography, index
650 _aBhagavad Gita
700 1 _aMatthew, V Anjilvel
902 _bSRS
942 _cBK
999 _c395
_d395